Building a competitive city-region (Record no. 105695)

MARC details
000 -LEADER
fixed length control field 01283cam a2200229 4500
001 - CONTROL NUMBER
control field ##L134484
008 - FIXED-LENGTH DATA ELEMENTS--GENERAL INFORMATION
fixed length control field 060809n2006 000 0 eng u
035 ## - SYSTEM CONTROL NUMBER
System control number (Sirsi) u134484
041 0# - LANGUAGE CODE
Language code of text/sound track or separate title eng
050 04 - LIBRARY OF CONGRESS CALL NUMBER
Classification number 711.52 $2 18
110 2# - MAIN ENTRY--CORPORATE NAME
Corporate name or jurisdiction name as entry element Organisation for Economic Co-operation and Development
245 00 - TITLE STATEMENT
Title Building a competitive city-region
Remainder of title the case of Newcastle in the North East
260 ## - PUBLICATION, DISTRIBUTION, ETC.
Place of publication, distribution, etc. Paris
Name of publisher, distributor, etc. OECD
Date of publication, distribution, etc. 2006
490 #0 - SERIES STATEMENT
Series statement OECD Territorial Reviews
520 ## - SUMMARY, ETC.
Summary, etc. OECD examines the strategic position of the Newcastle city region in its first study of a UK medium-sized metropolitan area. Covers the challenges of medium-sized city-regions, the Newcastle economy, enhancing competitiveness of the metropolitan region, and governance in the Newcastle city region. Compares Newcastle with other similar sized European city regions, indicates growth areas and directions for change and makes recommendations. Tables.
590 ## - LOCAL NOTE (RLIN)
Local note IKA220806
651 #4 - SUBJECT ADDED ENTRY--GEOGRAPHIC NAME
Geographic name NEWCASTLE UPON TYNE
651 #4 - SUBJECT ADDED ENTRY--GEOGRAPHIC NAME
Geographic name NORTHEAST ENGLAND
690 ## - LOCAL SUBJECT ADDED ENTRY--TOPICAL TERM (OCLC, RLIN)
Topical term or geographic name as entry element ENVIRONMENTAL AND LAND CONSULTANCY-PLANNING AND DEVELOPMENT-STRATEGIC PLANNING
856 40 - ELECTRONIC LOCATION AND ACCESS
Uniform Resource Identifier <a href="https://www.newcastle.gov.uk/wwwfileroot/pressoffice/NEWCASTLEintheNorthEast.pdf ">https://www.newcastle.gov.uk/wwwfileroot/pressoffice/NEWCASTLEintheNorthEast.pdf </a>
Public note View the report free of charge at www.newcastle.gov.uk...
942 ## - ADDED ENTRY ELEMENTS (KOHA)
Suppress in OPAC 0
Holdings
Withdrawn status Lost status Source of classification or shelving scheme Damaged status Not for loan Home library Current library Shelving location Date acquired Total Checkouts Full call number Barcode Date last seen Copy number Price effective from Koha item type
    Dewey Decimal Classification     Virtual Virtual Online 09/08/2006   ONLINE PUBLICATION 134484-2001 06/08/2019 1 06/08/2019 Book